Statistiques concernant Pays ayant lancé un satellite avec leur propre lanceur

Cliquez ici pour prendre le quiz!

Statistiques générales

  • Ce quiz a été pris 110 fois
  • Le résultat moyen est 8 sur 11

Statistiques - réponses

Puissance spatiale% Correct
États-Unis
100%
France
99%
Chine
97%
Japon
95%
Royaume-Uni
89%
Inde
80%
Corée du Sud
75%
Union soviétique
70%
Corée du Nord
52%
Iran
45%
Israël
37%

Distribution des résultats

Percentile par nombre de réponses

% des personnes avec chaque résultat

Votre développement - résultats

Vous n’avez pas pris ce quiz